|
|
|
|
| LEADER |
00000nam a2200000Ii 4500 |
| 001 |
DIGUAOCCTE0124 |
| 003 |
NyNyDIG |
| 006 |
m o d |
| 007 |
cr ||||||||||| |
| 008 |
250417s2024 ck a o 000 j spa d |
| 035 |
|
|
|a (OCoLC)1510038819
|
| 040 |
|
|
|a DGITA
|b eng
|e rda
|e pn
|c DGITA
|
| 020 |
|
|
|a 9789586191777
|q pdf
|
| 020 |
|
|
|z 9789586191760
|q impreso
|
| 050 |
1 |
4 |
|a PQ8176 ebook
|
| 245 |
0 |
0 |
|a Subí al infierno, mejor arderé en el paraíso :
|b ... y otros relatos autobiográficos /
|c autores, Sharon Tais Uribe Sanabria [and 11 others].
|
| 264 |
|
1 |
|a Cali, Valle del Cauca, Colombia :
|b Universidad Autónoma de Occidente,
|c 2024.
|
| 300 |
|
|
|a 1 online resource :
|b illustrations.
|
| 336 |
|
|
|a text
|b txt
|2 rdacontent
|
| 337 |
|
|
|a computer
|b c
|2 rdamedia
|
| 338 |
|
|
|a online resource
|b cr
|2 rdacarrier
|
| 347 |
|
|
|a text file
|2 rdaft
|
| 347 |
|
|
|b PDF
|
| 500 |
|
|
|a "Universidad Autónoma de Occidente concurso de relato autobiográfico breve estudiantes universitarios"--Cover.
|
| 588 |
0 |
|
|a Online resource; title from PDF title page (Digitalia, viewed April 17, 2025)
|
| 655 |
|
7 |
|a Short stories.
|2 lcgft
|
| 655 |
|
7 |
|a Personal narratives.
|2 lcgft
|
| 700 |
1 |
|
|a Uribe Sanabria, Sharon Tais,
|e author.
|
| 776 |
0 |
8 |
|i Print version:
|t Subí al infierno, mejor arderé en el paraíso.
|d Cali, Valle del Cauca, Colombia : Universidad Autónoma de Occidente, 2024
|z 9789586191760
|
| 791 |
2 |
|
|a Digitalia (Firm),
|e distributor.
|
| 793 |
0 |
|
|g Digitalia eBook Collection:
|a Universidad Autónoma de Occidente
|
| 856 |
4 |
0 |
|3 Digitalia Hispánica
|u https://www.digitaliapublishing.com/a/171313/
|
| 910 |
|
|
|a Premium collection: 2025
|